000 00960cab a2200301 4500
001 ABS56834
008 090401t1997 xxu||||| |||| 00| 0 eng d
035 _a(Sirsi) u77972
041 _aeng
100 _aLiow, K.H.
245 3 _aAn empirical investigation of UK retail companies` property asset strategies
260 _c1997
350 _a0
490 _aJournal of Property Finance
_v8(1) 1997, 24-34(10)
520 _aInvestigates the profitability of UK retail companies property asset strategies for the period 1982 to 1991. References.
650 _aACQUISITIONS
650 _aASSET STRATEGIES
650 _aCORPORATE PROPERTIES
650 _aCORPORATE REAL ESTATE
650 _aDISPOSALS
650 _aPROPERTY ASSET STRATEGIES
650 _aPROPERTY ASSETS
650 _aRETAIL COMPANIES
650 _aSALE AND LEASEBACK AGREEMENT
690 _aPROPERTY-PROPERTY FINANCE AND INVESTMENT
942 _n0
948 _c25/04/1997
999 _c49043
_d49043